| 000 | 00412nam a22001457a 4500 | ||
|---|---|---|---|
| 003 | OSt | ||
| 008 | 250215b |||||||| |||| 00| 0 eng d | ||
| 020 | _a9788197980770 | ||
| 100 | _aMAHAJAN, Aakankshan | ||
| 245 | _aThe Future Nexus: Spectrum of Emerging Technologies and applications | ||
| 260 |
_aNew Delhi, _bNaples India: _c2024. |
||
| 300 | _avii,264p. | ||
| 650 | _aFaculty Publication | ||
| 942 |
_2ddc _cBK |
||
| 999 |
_c13134 _d13134 |
||